[Event "USCL San Francisco vs Seattle"]
[Site "Internet Chess Club"]
[Date "2010.09.15"]
[Round "4"]
[White "Zierk, Steven"]
[Black "Lee, Michael"]
[Result "0-1"]
[WhiteElo "2426"]
[BlackElo "2440"]
[PlyCount "70"]
[EventDate "2010.??.??"]

1. e4 c5 2. Nf3 Nc6 3. Bc4 g6 4. d4 cxd4 5. Nxd4 Bg7 6. Be3 Nf6 7. Nc3 d6 8. f3
Qb6 9. Bb5 O-O 10. Nf5 Qa5 11. Nxg7 Kxg7 12. h4 a6 13. Bxc6 bxc6 14. h5 Kg8 15.
Qd2 Rb8 16. O-O-O Be6 17. Bd4 Bxa2 18. Bxf6 exf6 19. Qxd6 Be6 20. hxg6 Qa1+ 21.
Kd2 Qxb2 22. Qh2 Rfd8+ 23. Nd5 cxd5 24. Qxh7+ Kf8 25. e5 Qd4+ 26. Ke2 Qxe5+ 27.
Kf2 Qf5 28. Rhe1 Qxc2+ 29. Re2 Qxd1 30. Rxe6 Qc2+ 31. Re2 Qxg6 32. Qh8+ Qg8 33.
Qxf6 Qg7 34. Qe7+ Kg8 35. Re5 Re8 0-1

[Event "USCL Los Angeles vs Chicago"]
[Site "Internet Chess Club"]
[Date "2010.09.15"]
[Round "4"]
[White "Felecan, Florin"]
[Black "Matikozyan, Adranik"]
[Result "0-1"]
[WhiteElo "2415"]
[BlackElo "2545"]
[PlyCount "76"]
[EventDate "2010.??.??"]

1. e4 Nc6 2. Nc3 d6 3. Bc4 Nf6 4. d3 a6 5. Bg5 e6 6. Nf3 Na5 7. O-O b5 8. Bb3
Bb7 9. Ne2 c5 10. c3 Nxb3 11. axb3 Be7 12. Ng3 O-O 13. Qd2 Re8 14. h3 h6 15.
Be3 Qc7 16. Nh2 c4 17. Ng4 cxd3 18. Nxf6+ Bxf6 19. Qxd3 d5 20. f4 Bh4 21. Bd4
dxe4 22. Qe3 Kh7 23. Nh5 Rg8 24. g4 f6 25. Rad1 Qc6 26. Kh2 Rad8 27. Rg1 Rd7
28. g5 fxg5 29. Rg4 e5 30. fxe5 Rf8 31. Ng3 Bxg3+ 32. Rxg3 Rdf7 33. Rdg1 Rf3
34. Rxf3 Rxf3 35. Qe2 e3 36. Qd3+ Kh8 37. Bxe3 Rxh3+ 38. Kxh3 Qf3+ 0-1

[Event "USCL Los Angeles vs Chicago"]
[Site "Internet Chess Club"]
[Date "2010.09.15"]
[Round "4"]
[White "Abrahamyan, Tatev"]
[Black "Young, Angelo"]
[Result "1-0"]
[WhiteElo "2385"]
[BlackElo "2415"]
[PlyCount "83"]
[EventDate "2010.??.??"]

1. e4 c5 2. Nf3 d6 3. d4 cxd4 4. Nxd4 Nf6 5. Nc3 Bd7 6. f3 a6 7. Be3 e6 8. Qd2
Qc7 9. O-O-O Nc6 10. g4 Ne5 11. g5 Ng8 12. f4 Nc4 13. Bxc4 Qxc4 14. f5 Ne7 15.
fxe6 fxe6 16. Rhf1 Ng6 17. Nb3 Be7 18. Bc5 Rd8 19. Bb6 Rc8 20. Qe3 Bb5 21. Rf2
Qc6 22. Na5 Qd7 23. Qg3 Rf8 24. Rfd2 Kf7 25. Nb3 Bc4 26. h4 Kg8 27. e5 d5 28.
h5 Nf4 29. Be3 Nxh5 30. Qh3 Bxb3 31. axb3 Rxc3 32. bxc3 g6 33. Rxd5 Qc6 34. Rd6
Qxc3 35. Qxe6+ Rf7 36. Bd4 Qf3 37. Bb2 Nf4 38. Qc8+ Rf8 39. Qc4+ Rf7 40. Rd8+
Bf8 41. Rxf8+ Kxf8 42. Qc8+ 1-0

[Event "USCL Los Angeles vs Chicago"]
[Site "Internet Chess Club"]
[Date "2010.09.15"]
[Round "4"]
[White "Magness, Trevor"]
[Black "Kavutskiy, Konstantin"]
[Result "1-0"]
[WhiteElo "2195"]
[BlackElo "2253"]
[PlyCount "97"]
[EventDate "2010.??.??"]

1. e4 e6 2. d4 d5 3. Nc3 Nf6 4. Bg5 Be7 5. e5 Nfd7 6. Bxe7 Qxe7 7. f4 a6 8. Nf3
c5 9. dxc5 Nxc5 10. Bd3 Nc6 11. O-O b5 12. a3 b4 13. axb4 Nxb4 14. Nb5 Nb7 15.
Nbd4 Nc5 16. Qd2 Nbxd3 17. cxd3 f6 18. b4 Nd7 19. Qc3 O-O 20. Qc6 Ra7 21. Qxe6+
Qxe6 22. Nxe6 Re8 23. Ned4 fxe5 24. Nb5 axb5 25. Rxa7 e4 26. dxe4 dxe4 27. Ne5
Nxe5 28. fxe5 Be6 29. Rf4 Bd5 30. Rd7 Bc6 31. Rc7 Bd5 32. Rc5 g5 33. Rf5 Bc4
34. Rxg5+ Kf7 35. Kf2 Ra8 36. e6+ Bxe6 37. Rge5 Ra2+ 38. Ke3 Rxg2 39. Rxb5 Rxh2
40. Rxe4 Rh3+ 41. Kd4 Ba2 42. Rb7+ Kg6 43. b5 Rh1 44. Re3 Rh4+ 45. Kc5 Rh5+ 46.
Kd6 Rd5+ 47. Kc6 h5 48. Ra7 Bc4 49. Rc3 1-0

[Event "USCL Los Angeles vs Chicago"]
[Site "Internet Chess Club"]
[Date "2010.09.15"]
[Round "4"]
[White "Khachiyan, Melikset"]
[Black "Gurevich, Dmitry"]
[Result "1-0"]
[WhiteElo "2590"]
[BlackElo "2481"]
[PlyCount "129"]
[EventDate "2010.??.??"]

1. e4 c5 2. Nf3 d6 3. d4 cxd4 4. Nxd4 Nf6 5. Nc3 Nc6 6. Be2 g6 7. O-O Bg7 8.
Nb3 a6 9. Re1 O-O 10. Bf1 b5 11. Bg5 h6 12. Bh4 b4 13. Nd5 Nh7 14. c3 bxc3 15.
Nxc3 Bb7 16. Rc1 a5 17. Bb5 Na7 18. Ba4 Rc8 19. Nd5 g5 20. Bg3 Rxc1 21. Qxc1
Nf6 22. Qd2 Nc6 23. Bxc6 Bxc6 24. Nxa5 Ba8 25. Nxf6+ Bxf6 26. b3 Qc8 27. Nc4
Qb7 28. f3 Rc8 29. e5 dxe5 30. Bxe5 Bxe5 31. Rxe5 Qc7 32. Qe3 Kf8 33. Qb6 Qxb6+
34. Nxb6 Rc1+ 35. Kf2 Bc6 36. Nc4 e6 37. Re1 Rc2+ 38. Re2 Rc1 39. Ke3 Bb5 40.
Kd4 Ke7 41. Kc5 Bxc4 42. bxc4 Kd7 43. Rb2 Kc7 44. a4 Ra1 45. Kb5 h5 46. h3 h4
47. a5 Kb7 48. Rd2 Kc7 49. Rb2 Kb7 50. Re2 Rg1 51. a6+ Ka7 52. c5 e5 53. Rxe5
Rxg2 54. Re7+ Kb8 55. Rxf7 Rb2+ 56. Kc6 Ra2 57. Rf8+ Ka7 58. Kc7 Rxa6 59. c6
Ra3 60. Kc8 Kb6 61. Rf6 Ra8+ 62. Kd7 Rg8 63. c7+ Kb7 64. Re6 Rh8 65. Re8 1-0

[Event "USCL San Francisco vs Seattle"]
[Site "Internet Chess Club"]
[Date "2010.09.15"]
[Round "4"]
[White "Wang, Michael"]
[Black "Liou, Yian"]
[Result "1/2-1/2"]
[WhiteElo "2103"]
[BlackElo "2254"]
[PlyCount "160"]
[EventDate "2010.??.??"]

1. c4 e5 2. Nc3 Nf6 3. g3 Bb4 4. Bg2 O-O 5. e4 d6 6. Nge2 Nc6 7. a3 Bc5 8. b4
Bd4 9. d3 Be6 10. Nxd4 Nxd4 11. Be3 Nc6 12. O-O Ng4 13. h3 Nxe3 14. fxe3 Qd7
15. Kh2 Ne7 16. Ra2 c6 17. Raf2 Rad8 18. b5 d5 19. bxc6 bxc6 20. cxd5 cxd5 21.
exd5 Nxd5 22. Nxd5 Bxd5 23. Bxd5 Qxd5 24. Qa4 Rd7 25. d4 exd4 26. exd4 Qxd4 27.
Qxd4 Rxd4 28. Rf4 Rd2+ 29. R1f2 Rd7 30. Ra4 Rc8 31. Ra6 g6 32. h4 h5 33. Rg2
Rc4 34. Rf2 Kg7 35. Raf6 Rc3 36. R6f3 Rc6 37. Rf4 f5 38. Ra4 a6 39. Ra5 Kh6 40.
Rg2 Rd1 41. Rf2 Rd3 42. Rg2 Rf6 43. Rf2 Re6 44. Rg2 Rc3 45. Ra4 Rc5 46. Rf2 a5
47. Raf4 Re3 48. R4f3 Re4 49. Rd3 Rc6 50. Rd5 a4 51. Rd3 Rb6 52. Kg2 Rc4 53.
Rfd2 Rbc6 54. Rd4 Rc7 55. Kh2 Kg7 56. Kg2 Kf7 57. R2d3 Rc2+ 58. Kf3 R2c3 59.
Ke3 R3c4 60. Rxc4 Rxc4 61. Kf3 Ke6 62. Ke3 Re4+ 63. Kf3 Ke5 64. Rc3 Kd5 65. Rc8
Rc4 66. Rg8 Rg4 67. Rc8 Kd4 68. Rc6 Kd3 69. Rc5 Rc4 70. Ra5 Kc3 71. Rb5 Kc2 72.
Rb6 Rg4 73. Rb5 Rc4 74. Rb6 Rg4 75. Rb5 f4 76. gxf4 Rxh4 77. Kg3 Rg4+ 78. Kf3
Rh4 79. Kg3 Rg4+ 80. Kf3 Rh4 1/2-1/2

[Event "USCL Carolina vs Manhattan"]
[Site "Internet Chess Club"]
[Date "2010.09.20"]
[Round "5"]
[White "Katz, Benjamin"]
[Black "Jones, Craig"]
[Result "0-1"]
[WhiteElo "2129"]
[BlackElo "2286"]
[PlyCount "46"]
[EventDate "2010.??.??"]

1. e4 e6 2. d4 d5 3. Nc3 Nf6 4. e5 Nfd7 5. Nf3 Be7 6. Bf4 a6 7. h4 c5 8. dxc5
Nxc5 9. Qd2 Nc6 10. O-O-O b5 11. Bd3 b4 12. Ne2 Qb6 13. Ng3 b3 14. axb3 Nb4 15.
Rdf1 Nbxd3+ 16. Kb1 Nb4 17. Ne2 Bd7 18. Nc3 Qa5 19. Qe3 Rc8 20. Nd4 Ne4 21.
Nde2 Bb5 22. Nc1 Bxf1 23. Rxf1 Qc5 0-1

[Event "USCL New England vs Philadelphia"]
[Site "Internet Chess Club"]
[Date "2010.09.20"]
[Round "5"]
[White "Bournival, Braden"]
[Black "Dehmelt, Karl"]
[Result "1-0"]
[WhiteElo "2381"]
[BlackElo "2308"]
[PlyCount "71"]
[EventDate "2010.??.??"]

1. e4 e5 2. Nf3 Nc6 3. Bb5 a6 4. Ba4 Nf6 5. O-O Be7 6. Re1 b5 7. Bb3 O-O 8. c3
d5 9. exd5 e4 10. dxc6 exf3 11. d4 fxg2 12. Bg5 Be6 13. Bxe6 fxe6 14. Qe2 Bd6
15. Qxe6+ Kh8 16. Nd2 h6 17. Bh4 g5 18. Bg3 Bxg3 19. hxg3 Qe8 20. Qxe8 Raxe8
21. Kxg2 Kg7 22. Rxe8 Rxe8 23. Nf3 Re2 24. Re1 Rxb2 25. Re7+ Kf8 26. Rxc7 Ne4
27. Ne5 Rxf2+ 28. Kg1 Rc2 29. Rd7 Nxc3 30. c7 Ne2+ 31. Kf1 Nxg3+ 32. Ke1 Nf5
33. Rd8+ Kg7 34. c8=Q Rxc8 35. Rxc8 Nxd4 36. Ra8 1-0

[Event "USCL Chicago vs Arizona"]
[Site "Internet Chess Club"]
[Date "2010.09.20"]
[Round "5"]
[White "Aldama, Dionisio"]
[Black "Felecan, Florin"]
[Result "1/2-1/2"]
[WhiteElo "2399"]
[BlackElo "2415"]
[PlyCount "50"]
[EventDate "2010.??.??"]

1. e4 d6 2. d4 Nf6 3. Nc3 g6 4. f3 c6 5. Be3 Bg7 6. Qd2 O-O 7. O-O-O b5 8. Bh6
Bxh6 9. Qxh6 b4 10. Nce2 Qa5 11. Kb1 c5 12. h4 Nc6 13. h5 cxd4 14. hxg6 Be6 15.
gxh7+ Kh8 16. b3 Rfc8 17. Nh3 d3 18. Rxd3 Ne5 19. Nd4 Nxd3 20. Nxe6 fxe6 21.
Ng5 Qxa2+ 22. Kxa2 Rxc2+ 23. Kb1 Rc1+ 24. Ka2 Rc2+ 25. Kb1 Rc1+ 1/2-1/2

[Event "USCL St. Louis vs Dallas"]
[Site "Internet Chess Club"]
[Date "2010.09.20"]
[Round "5"]
[White "Sadorra, Julio"]
[Black "Brooks, Michael"]
[Result "1-0"]
[WhiteElo "2471"]
[BlackElo "2411"]
[PlyCount "73"]
[EventDate "2010.??.??"]

1. d4 Nf6 2. c4 e6 3. g3 Bb4+ 4. Bd2 Bxd2+ 5. Qxd2 d6 6. Bg2 O-O 7. e4 e5 8.
Ne2 c5 9. d5 b5 10. cxb5 a6 11. Nbc3 axb5 12. Nxb5 Ba6 13. Nec3 Qb6 14. a4 Nbd7
15. O-O Rfb8 16. Rfb1 Ne8 17. a5 Qd8 18. Bf1 Ndf6 19. Bd3 Bc8 20. f4 Nd7 21.
Qe1 Ba6 22. Qe3 Ndf6 23. Be2 Bxb5 24. Nxb5 Rxa5 25. Rxa5 Qxa5 26. Na3 Qa4 27.
Nc4 Qa2 28. Qd3 Rb3 29. Qd1 Qa4 30. fxe5 dxe5 31. Ra1 Qb4 32. d6 Nd7 33. Ra8
Kf8 34. Nxe5 g6 35. Nxd7+ Kg7 36. Rxe8 Rxb2 37. Rb8 1-0

[Event "USCL Carolina vs Manhattan"]
[Site "Internet Chess Club"]
[Date "2010.09.20"]
[Round "5"]
[White "Schneider, Dmitry"]
[Black "Simpson, Ron"]
[Result "0-1"]
[WhiteElo "2520"]
[BlackElo "2330"]
[PlyCount "68"]
[EventDate "2010.??.??"]

1. e4 c5 2. Nf3 d6 3. d4 cxd4 4. Nxd4 Nf6 5. Nc3 g6 6. Be3 Bg7 7. f3 Nc6 8. Qd2
O-O 9. Bc4 Bd7 10. O-O-O Rb8 11. g4 b5 12. Nxc6 Bxc6 13. Bd5 b4 14. Ne2 Bxd5
15. exd5 Qa5 16. Kb1 Rb5 17. c4 bxc3 18. Nxc3 Rb4 19. Bh6 Rfb8 20. Bxg7 Qa3 21.
Ka1 Rxb2 22. Qc1 Kxg7 23. Rd4 Qc5 24. Rd3 Qf2 25. h4 Rc2 26. Qa3 Nd7 27. Ne4
Qe2 28. h5 Rxa2+ 29. Qxa2 Qxd3 30. h6+ Kg8 31. Rc1 Qd4+ 32. Nc3 Nc5 33. Rc2 Rb6
34. Rb2 Qxc3 0-1

[Event "USCL New England vs Philadelphia"]
[Site "Internet Chess Club"]
[Date "2010.09.20"]
[Round "5"]
[White "Wilson, Elvin"]
[Black "Cherniack, Alex"]
[Result "1/2-1/2"]
[WhiteElo "2240"]
[BlackElo "2288"]
[PlyCount "96"]
[EventDate "2010.??.??"]

1. d4 e6 2. Nf3 Nf6 3. c4 b6 4. a3 Ba6 5. Qc2 Bb7 6. Nc3 c5 7. dxc5 bxc5 8. Bg5
Be7 9. Rd1 Nc6 10. e3 h6 11. Bh4 O-O 12. Be2 a6 13. O-O Qc7 14. Rd2 Rad8 15.
Rfd1 d6 16. h3 Rd7 17. Bg3 Rfd8 18. Bd3 Qa5 19. Ne4 Nxe4 20. Bxe4 f5 21. Bd3
Rf8 22. Be2 Qc7 23. Rd3 Rdd8 24. b4 cxb4 25. c5 Ne5 26. Nxe5 dxe5 27. Rxd8 Bxd8
28. axb4 f4 29. exf4 exf4 30. Bh2 e5 31. f3 Be7 32. Bxa6 Bxa6 33. Qa2+ Kh8 34.
Qxa6 Rb8 35. Kh1 Rxb4 36. Bg1 e4 37. fxe4 f3 38. Qg6 fxg2+ 39. Qxg2 Bf6 40. Qg4
Qc6 41. Rd5 Qe8 42. Qf3 Rxe4 43. c6 Rc4 44. Rd6 Rc3 45. Qg4 Rxc6 46. Qa4 Rc8
47. Qxe8+ Rxe8 48. Kg2 Kh7 1/2-1/2

[Event "USCL Carolina vs Manhattan"]
[Site "Internet Chess Club"]
[Date "2010.09.20"]
[Round "5"]
[White "Schroer, Jonathan"]
[Black "Milman, Lev"]
[Result "0-1"]
[WhiteElo "2437"]
[BlackElo "2501"]
[PlyCount "80"]
[EventDate "2010.??.??"]

1. d4 d5 2. c4 c6 3. cxd5 cxd5 4. Nf3 Nf6 5. Nc3 Nc6 6. Bf4 Bf5 7. e3 Rc8 8.
Ne5 a6 9. Qb3 b5 10. Nxb5 Nxe5 11. dxe5 axb5 12. Bxb5+ Bd7 13. O-O Bxb5 14.
Qxb5+ Qd7 15. Qa6 Ne4 16. Rfc1 Nc5 17. Qb6 e6 18. b4 Ne4 19. Rxc8+ Qxc8 20.
Qb5+ Ke7 21. f3 Nc3 22. Qb6 Ne2+ 23. Kh1 Nxf4 24. exf4 f5 25. exf6+ gxf6 26.
Qe3 Kf7 27. f5 Bxb4 28. Rc1 Qd7 29. fxe6+ Qxe6 30. Qh6 Qf5 31. h4 Re8 32. a4
Bd6 33. Qd2 Bf4 34. g4 Bxd2 35. Rc7+ Re7 36. Rxe7+ Kxe7 37. gxf5 Kd6 38. Kg2
Ke5 39. Kf2 Kxf5 40. Ke2 Ba5 0-1

[Event "USCL New England vs Philadelphia"]
[Site "Internet Chess Club"]
[Date "2010.09.20"]
[Round "5"]
[White "Bonin, Jay"]
[Black "Riordan, Charles"]
[Result "1/2-1/2"]
[WhiteElo "2424"]
[BlackElo "2397"]
[PlyCount "140"]
[EventDate "2010.??.??"]

1. d4 Nf6 2. Nf3 g6 3. Bg5 Bg7 4. Nbd2 O-O 5. c3 d5 6. Bxf6 exf6 7. e3 Re8 8.
Bd3 Nd7 9. O-O Nb6 10. a4 a5 11. b4 Bf8 12. b5 c5 13. bxc6 bxc6 14. Rb1 Bd7 15.
Qb3 Rb8 16. Qa2 Be6 17. Rb2 Kg7 18. Rfb1 Qc7 19. g3 Bd6 20. Qa1 Qa7 21. Qa2 Qc7
22. Rb3 h5 23. R1b2 Rh8 24. Nh4 Nd7 25. Qb1 Rxb3 26. Rxb3 f5 27. Nhf3 Rb8 28.
Ng5 Rxb3 29. Qxb3 Qb6 30. Nxe6+ fxe6 31. Qxb6 Nxb6 32. Nb3 Nxa4 33. Nxa5 c5 34.
Nb7 Be7 35. Bc2 Nxc3 36. dxc5 Kf7 37. Bd3 Ke8 38. c6 Bd8 39. Kf1 Bc7 40. Ke1
Ke7 41. Kd2 Na4 42. Bb5 Nb6 43. f4 e5 44. Kd3 h4 45. Nc5 hxg3 46. hxg3 Kd6 47.
Nb7+ Ke7 48. Nc5 Kd6 49. Na6 exf4 50. gxf4 Bd8 51. c7 Bxc7 52. Be8 Bd8 53. Bxg6
Ke6 54. Nc5+ Kf6 55. Bh7 Nc8 56. Nd7+ Ke6 57. Nf8+ Kf6 58. Bg8 Ne7 59. Be6 Ba5
60. Bd7 Kf7 61. Ne6 Bb6 62. Nd4 Kf6 63. Nf3 Ng6 64. Nd4 Ne7 65. Be8 Ba7 66. Kc3
Bc5 67. Kb3 Nc8 68. Nxf5 Kxf5 69. Bd7+ Kf6 70. Bxc8 Bxe3 1/2-1/2

[Event "USCL New England vs Philadelphia"]
[Site "Internet Chess Club"]
[Date "2010.09.20"]
[Round "5"]
[White "Vigorito, David"]
[Black "Bartell, Tom"]
[Result "1/2-1/2"]
[WhiteElo "2524"]
[BlackElo "2429"]
[PlyCount "128"]
[EventDate "2010.??.??"]

1. Nf3 Nf6 2. c4 b6 3. g3 Bb7 4. Bg2 c5 5. Nc3 e6 6. O-O Be7 7. d4 cxd4 8. Qxd4
d6 9. Bg5 a6 10. Rfd1 Nbd7 11. Bxf6 Nxf6 12. Na4 Rb8 13. c5 bxc5 14. Nxc5 O-O
15. Nxb7 Rxb7 16. Ne5 d5 17. Nc6 Qd6 18. Rac1 Rc7 19. Qb6 Rfc8 20. Nxe7+ Qxe7
21. Rxc7 Qxc7 22. Qxc7 Rxc7 23. e4 Rc2 24. exd5 Nxd5 25. Bxd5 exd5 26. Rxd5 g6
27. Rd8+ Kg7 28. Rb8 h5 29. h4 a5 30. a4 Rc4 31. b3 Rc3 32. Rb5 Kf6 33. Kf1 Rd3
34. Ke2 Rc3 35. Kd2 Rf3 36. Kd1 Kg7 37. Rxa5 Rxb3 38. Rb5 Ra3 39. Rb4 Ra2 40.
Rf4 f6 41. Ke1 g5 42. Rb4 Kg6 43. Kf1 Kf5 44. Kg1 Kg6 45. Kg2 Ra3 46. Rc4 Kf5
47. Rc5+ Kg6 48. hxg5 fxg5 49. Rc6+ Kf5 50. Rc5+ Kg6 51. Rc6+ Kf5 52. Ra6 h4
53. gxh4 gxh4 54. Ra8 h3+ 55. Kh2 Kg4 56. a5 Ra2 57. Rg8+ Kf4 58. Ra8 Kg4 59.
a6 Rxf2+ 60. Kh1 Rf1+ 61. Kh2 Rf2+ 62. Kg1 h2+ 63. Kh1 Kg3 64. Rg8+ Kh3 1/2-1/2

[Event "USCL St. Louis vs Dallas"]
[Site "Internet Chess Club"]
[Date "2010.09.20"]
[Round "5"]
[White "Zorigt, Bayaraa"]
[Black "Voelker, Jim"]
[Result "1-0"]
[WhiteElo "2240"]
[BlackElo "2141"]
[PlyCount "107"]
[EventDate "2010.??.??"]

1. Nf3 d5 2. d4 Nf6 3. c4 e6 4. Nc3 Be7 5. g3 dxc4 6. Qa4+ Bd7 7. Qxc4 Bc6 8.
Bg2 O-O 9. O-O Nbd7 10. Qd3 Rc8 11. Rd1 b6 12. e4 Bb7 13. Bf4 c5 14. d5 exd5
15. exd5 c4 16. Qc2 Bb4 17. Ng5 Bxc3 18. Qxc3 Re8 19. a4 h6 20. Nh3 Ba6 21. d6
Ne4 22. Qd4 Nec5 23. Ra3 Re2 24. Bxh6 Ne6 25. Qg4 Rxb2 26. Bc1 Rb3 27. Rxb3
cxb3 28. Nf4 Nxf4 29. Qxf4 Rc4 30. Qe3 Rxa4 31. Qxb3 Ra1 32. Bd5 Qf6 33. Qe3
Qe5 34. Qf3 Nf6 35. Bxf7+ Kxf7 36. d7 Qc7 37. d8=Q Qxd8 38. Rxd8 Rxc1+ 39. Rd1
Rxd1+ 40. Qxd1 Bc4 41. Qa4 b5 42. Qxa7+ Kg6 43. h4 Bd5 44. Qc5 Bc4 45. g4 Kh7
46. f4 Kg8 47. g5 Nd7 48. Qc8+ Nf8 49. f5 Bd3 50. Qc5 Bc4 51. h5 Kf7 52. Qc7+
Kg8 53. Qe7 Bd3 54. h6 1-0

[Event "USCL Carolina vs Manhattan"]
[Site "Internet Chess Club"]
[Date "2010.09.20"]
[Round "5"]
[White "Agner, Carlito"]
[Black "Zaremba, Andrei"]
[Result "0-1"]
[WhiteElo "2251"]
[BlackElo "2361"]
[PlyCount "106"]
[EventDate "2010.??.??"]

1. d4 Nf6 2. c4 e6 3. Nc3 Bb4 4. Qc2 c5 5. e3 cxd4 6. exd4 Nc6 7. Nf3 d5 8. a3
Bxc3+ 9. bxc3 Qc7 10. Bd3 h6 11. O-O O-O 12. Re1 b6 13. cxd5 exd5 14. Ne5 Bb7
15. Bf4 Nxe5 16. Bxe5 Qd8 17. Qe2 Rc8 18. Qf3 Ne4 19. c4 f5 20. Rac1 Qg5 21.
Qf4 Qxf4 22. Bxf4 Ba6 23. Bxe4 fxe4 24. Bd6 Rfd8 25. c5 bxc5 26. Bxc5 Rd7 27.
Rb1 Kh7 28. Rb3 Bd3 29. f3 Rc6 30. Re3 Rf7 31. h3 Rcf6 32. Rb8 Rg6 33. Rf8 Rb7
34. Rf4 exf3 35. Rexf3 Be4 36. Rf2 Rb3 37. Ra2 a5 38. Kh2 a4 39. Rff2 h5 40.
Rf4 Rd3 41. Rb2 Rb3 42. Ra2 Rb1 43. Rff2 Rb3 44. Rf4 Rgg3 45. Rff2 Rg5 46. Rad2
Kg6 47. Ra2 Rgg3 48. Bd6 Rgd3 49. Rad2 Rdc3 50. Bb4 Rc1 51. Rb2 h4 52. Be7 Kh5
53. Bf8 Rxh3+ 0-1

[Event "USCL St. Louis vs Dallas"]
[Site "Internet Chess Club"]
[Date "2010.09.20"]
[Round "5"]
[White "Eckert, Doug"]
[Black "Hughes, Tyler"]
[Result "1-0"]
[WhiteElo "2238"]
[BlackElo "2384"]
[PlyCount "81"]
[EventDate "2010.??.??"]

1. d4 Nf6 2. c4 g6 3. g3 Bg7 4. Bg2 O-O 5. Nc3 d6 6. Nf3 Nbd7 7. O-O e5 8. e4
a6 9. Qc2 exd4 10. Nxd4 Re8 11. Rd1 Rb8 12. h3 c5 13. Nde2 Ne5 14. b3 b5 15.
Be3 Qe7 16. cxb5 axb5 17. Rac1 b4 18. Nd5 Nxd5 19. Rxd5 Bb7 20. Rd2 Rbd8 21.
Nf4 Nd7 22. Rcd1 Nf6 23. e5 dxe5 24. Rxd8 Rxd8 25. Rxd8+ Qxd8 26. Bxb7 exf4 27.
Bxf4 Nd7 28. Qd2 Bd4 29. Qe2 Nf8 30. Qa6 Qe7 31. Kg2 g5 32. Bd6 Qf6 33. f3 Ne6
34. Qa8+ Kg7 35. Bd5 Be3 36. h4 g4 37. fxg4 Qf2+ 38. Kh3 Qf1+ 39. Bg2 Qf6 40.
Qd5 h6 41. Be5 1-0

[Event "USCL Chicago vs Arizona"]
[Site "Internet Chess Club"]
[Date "2010.09.20"]
[Round "5"]
[White "Gurevich, Dmitry"]
[Black "Barcenilla, Rogelio"]
[Result "1-0"]
[WhiteElo "2481"]
[BlackElo "2583"]
[PlyCount "75"]
[EventDate "2010.??.??"]

1. d4 Nf6 2. c4 g6 3. Nc3 Bg7 4. e4 d6 5. Nf3 O-O 6. Be2 e5 7. O-O Nc6 8. d5
Ne7 9. Ne1 Nd7 10. Be3 f5 11. f3 f4 12. Bf2 g5 13. Nb5 b6 14. b4 a6 15. Nc3 Rf6
16. c5 bxc5 17. bxc5 Nxc5 18. Bxc5 dxc5 19. Bc4 Kh8 20. Nd3 Rg6 21. Nxc5 Qd6
22. N3a4 g4 23. Ne6 gxf3 24. Rxf3 Bd7 25. Bb3 Rg8 26. Nac5 Bf6 27. Nxd7 Rxg2+
28. Kh1 Qxd7 29. Rh3 Nc8 30. Rc1 c5 31. dxc6 Qa7 32. c7 R2g6 33. Nxf4 exf4 34.
Bxg8 Rxg8 35. Qd7 Bg7 36. Rxh7+ Kxh7 37. Qf5+ Kh6 38. Rc6+ 1-0

[Event "USCL Chicago vs Arizona"]
[Site "Internet Chess Club"]
[Date "2010.09.20"]
[Round "5"]
[White "Thompson, Nick"]
[Black "Rosen, Eric"]
[Result "0-1"]
[WhiteElo "2183"]
[BlackElo "2227"]
[PlyCount "106"]
[EventDate "2010.??.??"]

1. e4 c5 2. Nf3 e6 3. d4 cxd4 4. Nxd4 Nc6 5. Nc3 Qc7 6. Be2 a6 7. O-O Nf6 8.
Be3 Bb4 9. Na4 Be7 10. Nxc6 bxc6 11. Nb6 Rb8 12. Nxc8 Qxc8 13. Bd4 c5 14. Be5
Rb6 15. b3 O-O 16. Bd3 d6 17. Bc3 Qc6 18. Qe2 d5 19. e5 Nd7 20. Ba5 Rbb8 21. c4
Rbe8 22. f4 f5 23. Kh1 d4 24. Rab1 Rb8 25. Rf3 Kh8 26. Rh3 g6 27. Kg1 Rg8 28.
Bd2 Rg7 29. a3 Rbg8 30. Rf3 Qc7 31. Re1 Qb7 32. Rb1 Qc7 33. Re1 a5 34. Rf2 Nb8
35. Rb1 Nc6 36. Qe1 g5 37. Bf1 gxf4 38. Bxf4 Bg5 39. Bxg5 Rxg5 40. g3 Nxe5 41.
b4 Ng4 42. Re2 Ne3 43. Bg2 f4 44. bxa5 fxg3 45. h4 R5g7 46. a6 Qf4 47. Rb7 Qxh4
48. Rxe3 dxe3 49. Qe2 Rf8 50. Bf3 g2 51. Bxg2 Qf2+ 52. Qxf2 exf2+ 53. Kf1 Rxg2
0-1

[Event "USCL Chicago vs Arizona"]
[Site "Internet Chess Club"]
[Date "2010.09.20"]
[Round "5"]
[White "Young, Angelo"]
[Black "Rensch, Daniel"]
[Result "0-1"]
[WhiteElo "2415"]
[BlackElo "2471"]
[PlyCount "132"]
[EventDate "2010.??.??"]

1. d4 Nf6 2. Nf3 c5 3. c3 b6 4. g3 Bb7 5. Bg2 g6 6. Qb3 e6 7. O-O Nc6 8. dxc5
Na5 9. Qa4 bxc5 10. Rd1 Bc6 11. Qh4 Bg7 12. Bh6 Nh5 13. Qxd8+ Rxd8 14. Bxg7
Nxg7 15. b4 cxb4 16. cxb4 Nc4 17. Rc1 Bxf3 18. Rxc4 Bxg2 19. Kxg2 Ke7 20. Rc7
Rc8 21. Rxa7 Rc1 22. Ra3 Rhc8 23. b5 Nf5 24. Rd3 R8c2 25. b6 Rb2 26. Rb3 Rxb3
27. axb3 Nd6 28. Kf3 e5 29. Ke3 Rc5 30. Ra6 f5 31. f3 Rb5 32. Nd2 Nb7 33. Nc4
Rxb3+ 34. Kd2 Nc5 35. Ra5 d6 36. Ra7+ Ke6 37. Kc2 Rb4 38. Kc3 Rb3+ 39. Kc2 Kd5
40. Nd2 Rxb6 41. Rxh7 Ra6 42. Rh4 Ne6 43. e3 Ra2+ 44. Kd1 Nc5 45. Rb4 Na4 46.
e4+ Ke6 47. Ke1 Nc3 48. Rb3 Rc2 49. Rb6 Na4 50. Rb3 Nc3 51. Rb6 Na4 52. Rb3 Nc5
53. Ra3 Rc1+ 54. Kf2 d5 55. exd5+ Kxd5 56. Ra8 Kd4 57. Rd8+ Kc3 58. Ke2 Rc2 59.
Rd5 Ne6 60. Rd3+ Kb4 61. Kd1 Ra2 62. Rb3+ Kc5 63. Rc3+ Kd4 64. Rc6 Kd3 65. Rxe6
Ra1+ 66. Nb1 Rxb1# 0-1

[Event "USCL New Jersey vs Boston"]
[Site "Internet Chess Club"]
[Date "2010.09.22"]
[Round "5"]
[White "Kapengut, Albert"]
[Black "Martirosov, Vadim"]
[Result "1/2-1/2"]
[WhiteElo "2372"]
[BlackElo "2248"]
[PlyCount "79"]
[EventDate "2010.??.??"]

1. e4 e5 2. Nf3 d6 3. d4 exd4 4. Nxd4 Nf6 5. Nc3 Be7 6. g3 O-O 7. Bg2 Bd7 8.
O-O Nc6 9. Nf5 Bxf5 10. exf5 Re8 11. g4 Nd7 12. Nd5 Bf8 13. c4 Nb6 14. b3 Nxd5
15. cxd5 Qf6 16. Be3 Ne5 17. Rc1 Qh4 18. h3 c5 19. dxc6 Nxc6 20. Rc4 d5 21.
Qxd5 Rad8 22. Qb5 Re5 23. Qxb7 Na5 24. Qxa7 Nxc4 25. bxc4 h5 26. f4 Rxe3 27.
Qxe3 hxg4 28. Kh2 gxh3 29. Qxh3 Qe7 30. Bd5 Rd6 31. Rg1 Qa7 32. Rg2 Qb6 33. Qd3
Rh6+ 34. Kg3 Qf6 35. Qe4 Rh1 36. Rh2 Rg1+ 37. Rg2 Rh1 38. Rh2 Rg1+ 39. Rg2 Rh1
40. Rh2 1/2-1/2

[Event "USCL Baltimore vs New York"]
[Site "Internet Chess Club"]
[Date "2010.09.22"]
[Round "5"]
[White "Erenburg, Sergey"]
[Black "Lenderman, Alex"]
[Result "1/2-1/2"]
[WhiteElo "2646"]
[BlackElo "2608"]
[PlyCount "105"]
[EventDate "2010.??.??"]

1. e4 c6 2. d4 d5 3. e5 Bf5 4. Nd2 e6 5. Nb3 Nd7 6. Nf3 Qc7 7. Be2 f6 8. O-O
fxe5 9. dxe5 O-O-O 10. Nbd4 Nxe5 11. Re1 Nxf3+ 12. Bxf3 Qd7 13. Nxe6 Bxe6 14.
Rxe6 Nf6 15. Qe2 Bd6 16. Bg5 Rde8 17. Re1 Rxe6 18. Qxe6 Qxe6 19. Rxe6 Kd7 20.
Re1 Re8 21. Rxe8 Kxe8 22. Be3 Be5 23. c3 a6 24. Be2 Kf7 25. h3 Ne4 26. Bd3 Nd6
27. f4 Bf6 28. Bc5 Be7 29. Bxh7 g6 30. Bxd6 Bxd6 31. f5 g5 32. Kf2 Bf4 33. Ke2
Kf6 34. Bg6 Be5 35. Kf3 a5 36. Ke3 Bg3 37. b3 Bh2 38. Kd3 Bd6 39. c4 dxc4+ 40.
Kxc4 Ke5 41. a4 Bb4 42. g3 Be1 43. g4 Kf6 44. Kc5 Bf2+ 45. Kd6 b5 46. Kxc6 bxa4
47. bxa4 Be1 48. Kd5 Bf2 49. Be8 Be1 50. Bb5 Bf2 51. Be8 Be1 52. Bb5 Bf2 53.
Be8 1/2-1/2

[Event "USCL Baltimore vs New York"]
[Site "Internet Chess Club"]
[Date "2010.09.22"]
[Round "5"]
[White "Ostrovskiy, Aleksandr"]
[Black "Schoch, Ian"]
[Result "1-0"]
[WhiteElo "2289"]
[BlackElo "2245"]
[PlyCount "51"]
[EventDate "2010.??.??"]

1. e4 Nf6 2. e5 Nd5 3. d4 d6 4. c4 Nb6 5. exd6 cxd6 6. Nc3 g6 7. Be3 Bg7 8. Rc1
O-O 9. b3 N6d7 10. Nf3 Nf6 11. h3 d5 12. Bd3 Nc6 13. O-O Bf5 14. Be2 Qa5 15.
Qd2 Rfd8 16. g4 Bc8 17. Rfd1 dxc4 18. bxc4 h5 19. g5 Ne8 20. Bf1 Qf5 21. Qe2
Nd6 22. Bg2 Qa5 23. Nb5 Nxb5 24. cxb5 Nb4 25. Bd2 Bf5 26. Qc4 1-0